=LDR 00000nam 2200000 4500 =001 INLIS000000000005126 =005 20130612093401 =008 ***********************************Ind** =035 ##$$0010-061300000005126 =041 ##$$a Ind =082 ##$$a 633.895 =090 ##$$a 633.895, Set k =100 ##$$a SETYAMIJAYA, Juhana =245 ##$$a Karet, Budidaya dan pengolahan, Djohana Setyamidjaya =260 ##$$a 1993 $b Yogyakarta =300 ##$$a 208 hlm, ilus, 21 cm =650 ##$$a Karet =850 ##$$a NBPNMAT